Vẽ & mô phỏng tương tự với Electronic Workbrench 5.12
Kaydedildi:
| Yazar: | |
|---|---|
| Materyal Türü: | Kitap |
| Dil: | Undetermined |
| Baskı/Yayın Bilgisi: |
Hà Nội
Thống Kê
2003
|
| Konular: | |
| Etiketler: |
Etiketle
Etiket eklenmemiş, İlk siz ekleyin!
|
| Thư viện lưu trữ: | Trung tâm Học liệu Trường Đại học Cần Thơ |
|---|
| LEADER | 00641nam a2200193Ia 4500 | ||
|---|---|---|---|
| 001 | CTU_74537 | ||
| 008 | 210402s9999 xx 000 0 und d | ||
| 020 | |c 45000 | ||
| 082 | |a 621.3810285 | ||
| 082 | |b H100 | ||
| 100 | |a Trần, Thu Hà | ||
| 245 | 0 | |a Vẽ & mô phỏng tương tự với Electronic Workbrench 5.12 | |
| 245 | 0 | |c Trần Thu Hà, Nguyễn Phương Quang, Phạm Quang Huy | |
| 260 | |a Hà Nội | ||
| 260 | |b Thống Kê | ||
| 260 | |c 2003 | ||
| 650 | |a Electronic circuits,Electronic workbrench ( computer programs ) | ||
| 904 | |i Minh | ||
| 980 | |a Trung tâm Học liệu Trường Đại học Cần Thơ | ||